Recupere su Mercado. Conozca la estrategias de quienes lo lograron revitalice la imagen de sus productos o servicios. Estrategia mas que exitosas, redituables.

Bibliographic Details
Main Author: Sheth, Jagdish N.
Format: Section = Libro
Language:Undetermined
Spanish
Published: México Limusa 1992
Subjects:
LEADER 00647nam a2200193Ia 4500
008 240829s9999 xx 000 0 und d
020 |a 968-18-4354-1 
040 |a BIBLIOTECA-RUPAP 658.8 S554 
041 |a spa 
082 |a 658.8 S554 
100 1 |a Sheth, Jagdish N. 
245 1 0 |a Recupere su Mercado. Conozca la estrategias de quienes lo lograron revitalice la imagen de sus productos o servicios. Estrategia mas que exitosas, redituables. 
260 |a México  |b Limusa  |c 1992 
300 |a 255 p. :il. 
650 7 |a MERCADEO 
650 7 |b  ESTRATEGIAS DE MERCADO - TESTIMONIOS - MERCADEO. I. Tít. 
942 |c BK  |2 ddc 
991 |a TEXTO 
999 |c 9987